000 00216nam a2200097 a 4500
005 20140414132010.0
008 110309s19uu xx 00 eng d
050 _aVCD
_bM36
245 _aMary Poppins.
999 _c113262
_d113262